[Event "TCh-HUN 2017-18"]
[Site "Hungary HUN"]
[Date "2018.03.04"]
[Round "7.1"]
[White "Shirov, Alexei"]
[Black "Lupulescu, Constantin"]
[Result "1/2-1/2"]
[WhiteTitle "GM"]
[BlackTitle "GM"]
[WhiteElo "2640"]
[BlackElo "2631"]
[WhiteTeam "Aquaprofit-NTSK I"]
[BlackTeam "ASE Paks"]
[WhiteFideId "2209390"]
[BlackFideId "1207822"]
[EventDate "2017.11.25"]
[EventType "team-tourn"]

1. e4 c6 2. d4 d5 3. e5 Bf5 4. Nf3 e6 5. Be2 c5 6. Be3 Qb6 7. Nc3 Nc6 8. O-O
Qxb2 9. Qe1 cxd4 10. Bxd4 Nxd4 11. Nxd4 Bb4 12. Ndb5 Ba5 13. Rb1 Qxc2 14. Rb3
Kf8 15. Nd4 Bxc3 16. Rxc3 Qb2 17. Qc1 Qxc1 18. Rfxc1 g5 19. g4 Bg6 20. Rc7 h5
21. h3 hxg4 22. hxg4 Rb8 23. R1c3 Ne7 24. Rb3 Rh4 25. Rbxb7 Rxb7 26. Rxb7 Bh7
27. Rxa7 Ng6 28. f3 Nxe5 29. a4 Nc4 30. a5 e5 31. Nc6 Rh6 32. Bxc4 dxc4 33. Rc7
c3 34. a6 c2 35. Nb4 Rd6 36. Kf2 Rd1 37. Nxc2 Bxc2 38. Rxc2 Ra1 39. Rc8+ Kg7 40.
Ra8 Ra3 1/2-1/2

[Event "TCh-HUN 2017-18"]
[Site "Hungary HUN"]
[Date "2018.03.04"]
[Round "7.2"]
[White "Berkes, Ferenc"]
[Black "Efimenko, Zahar"]
[Result "1-0"]
[WhiteTitle "GM"]
[BlackTitle "GM"]
[WhiteElo "2653"]
[BlackElo "2641"]
[WhiteTeam "ASE Paks"]
[BlackTeam "Aquaprofit-NTSK I"]
[WhiteFideId "718572"]
[BlackFideId "14107201"]
[EventDate "2017.11.25"]
[EventType "team-tourn"]

1. d4 Nf6 2. Nf3 e6 3. Bf4 b6 4. e3 c5 5. Nc3 a6 6. d5 d6 7. dxe6 Bxe6 8. Ng5
Nc6 9. Nxe6 fxe6 10. g4 h6 11. Bg2 Qd7 12. Qe2 b5 13. h4 h5 14. g5 Ng4 15. O-O-O
O-O-O 16. Bxc6 Qxc6 17. f3 Ne5 18. Bxe5 dxe5 19. Rxd8+ Kxd8 20. Rd1+ Kc8 21. Qd3
Be7 22. Qg6 Rd8 23. Qxg7 Qxf3 24. Qxe7 Qxe3+ 25. Kb1 Rxd1+ 26. Nxd1 Qd4 27.
Qxe6+ Kc7 28. Qf7+ Kd6 29. Qxh5 1-0

[Event "TCh-HUN 2017-18"]
[Site "Hungary HUN"]
[Date "2018.03.04"]
[Round "7.3"]
[White "Balogh, Csaba"]
[Black "Perunovic, Milos"]
[Result "1/2-1/2"]
[BlackTitle "GM"]
[WhiteElo "1394"]
[BlackElo "2612"]
[WhiteTeam "Aquaprofit-NTSK I"]
[BlackTeam "ASE Paks"]
[WhiteFideId "790877"]
[BlackFideId "921629"]
[EventDate "2017.11.25"]
[EventType "team-tourn"]

1. e4 c5 2. Nf3 Nc6 3. Bb5 e6 4. O-O Nge7 5. d4 cxd4 6. Nxd4 Ng6 7. Be3 Be7 8.
Be2 O-O 9. c4 Nxd4 10. Qxd4 b6 11. Nc3 Bb7 12. Rfd1 Bc6 13. Qd2 Bc5 14. Bf1 f5
15. Bxc5 bxc5 16. exf5 Rxf5 17. Bd3 Rh5 18. Bxg6 hxg6 19. Ne2 Qf6 20. Ng3 Rh4
21. Rac1 g5 22. Rc3 Rf8 23. Qe3 Qh6 24. Nf1 Rg4 25. Ng3 Rh4 26. Nf1 Rg4 27. Ng3 1/2-1/2

[Event "TCh-HUN 2017-18"]
[Site "Hungary HUN"]
[Date "2018.03.04"]
[Round "7.4"]
[White "Parligras, Mircea-Emilian"]
[Black "Lenic, Luka"]
[Result "1/2-1/2"]
[WhiteTitle "GM"]
[BlackTitle "GM"]
[WhiteElo "2613"]
[BlackElo "2650"]
[WhiteTeam "ASE Paks"]
[BlackTeam "Aquaprofit-NTSK I"]
[WhiteFideId "1204297"]
[BlackFideId "14603853"]
[EventDate "2017.11.25"]
[EventType "team-tourn"]

1. d4 Nf6 2. c4 e6 3. Nf3 b6 4. g3 Ba6 5. b3 Bb4+ 6. Bd2 Be7 7. Bg2 c6 8. Bc3 d5
9. Nbd2 Nbd7 10. O-O O-O 11. Re1 c5 12. e4 dxe4 13. Nxe4 Bb7 14. Nxf6+ Bxf6 15.
Rc1 cxd4 16. Nxd4 Qc8 17. Qe2 Bxg2 18. Kxg2 Qb7+ 19. Qf3 Qxf3+ 20. Kxf3 Rfc8 21.
Red1 Nc5 22. Nb5 Bxc3 23. Rxc3 a6 24. Nd6 Rc7 25. Ne4 Nd7 26. Ke2 Kf8 27. Rcd3 1/2-1/2

[Event "TCh-HUN 2017-18"]
[Site "Hungary HUN"]
[Date "2018.03.04"]
[Round "7.5"]
[White "Erdos, Viktor"]
[Black "Papp, Gabor1"]
[Result "1/2-1/2"]
[WhiteTitle "GM"]
[BlackTitle "GM"]
[WhiteElo "2622"]
[BlackElo "2603"]
[WhiteTeam "Aquaprofit-NTSK I"]
[BlackTeam "ASE Paks"]
[WhiteFideId "719978"]
[BlackFideId "718602"]
[EventDate "2017.11.25"]
[EventType "team-tourn"]

1. d4 Nf6 2. c4 e6 3. Nc3 Bb4 4. Qc2 d5 5. cxd5 Qxd5 6. e3 c5 7. Bd2 Bxc3 8.
Bxc3 cxd4 9. Bxd4 Nc6 10. Bc3 O-O 11. Nf3 Rd8 12. Be2 Qe4 13. Rc1 Qxc2 14. Rxc2
Nd5 15. Ne5 Nxe5 16. Bxe5 f6 17. Bc7 Nxc7 18. Rxc7 Rd7 19. Rc3 e5 20. Bc4+ Kf8
21. Ke2 Rd6 22. e4 Ke7 23. Rhc1 Be6 24. Bxe6 Kxe6 25. Rc7 Rd7 26. h4 Rad8 27.
Rxd7 1/2-1/2

[Event "TCh-HUN 2017-18"]
[Site "Hungary HUN"]
[Date "2018.03.04"]
[Round "7.6"]
[White "Sedlak, Nikola"]
[Black "Markus, Robert"]
[Result "1/2-1/2"]
[WhiteTitle "GM"]
[BlackTitle "GM"]
[WhiteElo "2552"]
[BlackElo "2630"]
[WhiteTeam "ASE Paks"]
[BlackTeam "Aquaprofit-NTSK I"]
[WhiteFideId "922900"]
[BlackFideId "921637"]
[EventDate "2017.11.25"]
[EventType "team-tourn"]

1. d4 Nf6 2. Nf3 g6 3. Bg5 Bg7 4. Nbd2 d5 5. e3 O-O 6. Bd3 c5 7. c3 Qb6 8. Rb1
Nc6 9. O-O e5 10. Nxe5 Nxe5 11. dxe5 Ng4 12. Nf3 Nxe5 13. Nxe5 Bxe5 14. f4 Bf6
15. Bxf6 Qxf6 16. f5 Qe5 17. Rf3 Bd7 1/2-1/2

[Event "TCh-HUN 2017-18"]
[Site "Hungary HUN"]
[Date "2018.03.04"]
[Round "7.7"]
[White "Banusz, Tamas"]
[Black "Acs, Peter"]
[Result "1/2-1/2"]
[WhiteTitle "GM"]
[BlackTitle "GM"]
[WhiteElo "2616"]
[BlackElo "2588"]
[WhiteTeam "Aquaprofit-NTSK I"]
[BlackTeam "ASE Paks"]
[WhiteFideId "722413"]
[BlackFideId "708020"]
[EventDate "2017.11.25"]
[EventType "team-tourn"]

1. Nf3 d5 2. g3 c6 3. c4 Nf6 4. Bg2 Bg4 5. Ne5 Be6 6. cxd5 Bxd5 7. Nf3 c5 8. Nc3
Bc6 9. O-O e6 10. Qc2 Nbd7 11. e4 Qb6 12. Rd1 c4 13. d4 cxd3 14. Qxd3 Bc5 15.
Qe2 Ng4 16. Rf1 O-O 17. Bf4 Ngf6 18. Rad1 Bb4 19. Nd4 Bxc3 20. Nxc6 Qxb2 21.
Qxb2 Bxb2 22. Rb1 bxc6 23. Rxb2 Rfc8 24. Rc1 e5 25. Be3 Rc7 26. f3 h6 27. Bf1 c5
28. a4 Kf8 29. Rbc2 Ke7 30. Bxc5+ Nxc5 31. Rxc5 Rxc5 32. Rxc5 Nd7 33. Rc6 a5 34.
Bb5 Ra7 35. Rc8 f6 36. Rg8 Kf7 37. Bc4+ Kg6 38. Rd8 Nc5 39. Bb5 Ne6 40. Be8+ Kh7
41. Rd6 Nd4 42. f4 Ra8 43. Bd7 Rb8 44. fxe5 1/2-1/2

[Event "TCh-HUN 2017-18"]
[Site "Hungary HUN"]
[Date "2018.03.04"]
[Round "7.8"]
[White "Szabo, Krisztian1"]
[Black "Medvegy, Zoltan"]
[Result "1/2-1/2"]
[WhiteTitle "GM"]
[BlackTitle "GM"]
[WhiteElo "2498"]
[BlackElo "2539"]
[WhiteTeam "ASE Paks"]
[BlackTeam "Aquaprofit-NTSK I"]
[WhiteFideId "722901"]
[BlackFideId "708402"]
[EventDate "2017.11.25"]
[EventType "team-tourn"]

1. e4 e6 2. d4 d5 3. Nc3 Bb4 4. e5 c5 5. a3 Bxc3+ 6. bxc3 Qa5 7. Bd2 Qa4 8. Qg4
Kf8 9. Nf3 Ne7 10. Be2 Qxc2 11. O-O h6 12. Bd1 Qf5 13. Qg3 c4 14. Rc1 Nbc6 15.
h3 Qh7 16. Bc2 Qg8 17. Rb1 Na5 18. a4 1/2-1/2

[Event "TCh-HUN 2017-18"]
[Site "Hungary HUN"]
[Date "2018.03.04"]
[Round "7.9"]
[White "Ribli, Zoltan"]
[Black "Groszpeter, Attila"]
[Result "1-0"]
[WhiteTitle "GM"]
[BlackTitle "GM"]
[WhiteElo "2526"]
[BlackElo "2441"]
[WhiteTeam "Aquaprofit-NTSK I"]
[BlackTeam "ASE Paks"]
[WhiteFideId "700010"]
[BlackFideId "700053"]
[EventDate "2017.11.25"]
[EventType "team-tourn"]

1. Nf3 d5 2. d4 e6 3. c4 a6 4. cxd5 exd5 5. Nc3 Nf6 6. Bg5 Be6 7. e3 Nbd7 8. Bd3
Bd6 9. O-O c6 10. Bf4 Qc7 11. Bxd6 Qxd6 12. Qc2 O-O 13. b4 Qxb4 14. Rab1 Qa5 15.
Rxb7 c5 16. Ne2 cxd4 17. Nexd4 Rfc8 18. Qb1 Nc5 19. Nb3 Nxb3 20. axb3 Ne4 21.
Nd4 Nd6 22. Re7 Qd8 23. Bxh7+ Kh8 24. Rxe6 fxe6 25. Nxe6 Qf6 26. Nd4 Nb5 27.
Nxb5 axb5 28. Bd3 b4 29. Qd1 g6 30. Qg4 Rc6 31. Qxb4 Ra2 32. Qg4 Ra3 33. Qd1 Kg7
34. Be2 Rd6 35. Bf3 d4 36. exd4 Qxd4 37. Qe1 Rxb3 38. Qe7+ Kg8 39. h3 Rbb6 40.
Rc1 Rd8 41. Rd1 Qxd1+ 42. Bxd1 Rxd1+ 43. Kh2 Rdd6 44. h4 Re6 45. Qd8+ Kf7 46.
Qh8 Rf6 47. h5 gxh5 48. Qxh5+ Kg7 49. Qg4+ Kf7 50. Qc4+ Kg7 51. f4 Rbc6 52. Qd4
Rd6 53. Qc5 Rh6+ 54. Kg1 Rhe6 55. Qc3+ Kf7 56. Kf2 Rc6 57. Qd3 Red6 58. Qb3+ Kg7
59. Kf3 Rb6 60. Qc3+ Kf7 61. g4 Rdc6 62. Qd3 1-0

[Event "TCh-HUN 2017-18"]
[Site "Hungary HUN"]
[Date "2018.03.04"]
[Round "7.10"]
[White "Kaczur, Florian"]
[Black "Kantor, Gergely"]
[Result "1/2-1/2"]
[WhiteTitle "IM"]
[BlackTitle "IM"]
[WhiteElo "2458"]
[BlackElo "2514"]
[WhiteTeam "ASE Paks"]
[BlackTeam "Aquaprofit-NTSK I"]
[WhiteFideId "705098"]
[BlackFideId "751499"]
[EventDate "2017.11.25"]
[EventType "team-tourn"]

1. e4 e5 2. Nf3 Nc6 3. Bb5 a6 4. Ba4 Nf6 5. O-O Be7 6. Re1 b5 7. Bb3 O-O 8. c3
d5 9. exd5 Nxd5 10. Nxe5 Nxe5 11. Rxe5 c6 12. Re1 Bd6 13. d3 Bf5 14. Nd2 Nf4 15.
Ne4 Nxd3 16. Re3 Bxe4 17. Rxe4 Bc5 18. Be3 Bxe3 19. Rxe3 Nxb2 20. Qc2 Nc4 21.
Bxc4 bxc4 22. Rd1 Qa5 23. Rd4 Rae8 24. Rde4 Rxe4 25. Rxe4 Qd5 26. Qe2 Qd3 27. g3
Qxc3 28. Rxc4 Qa1+ 29. Kg2 Qf6 30. Rc5 Qd4 31. Qc4 Qxc4 32. Rxc4 Rc8 33. Ra4 c5
34. Rxa6 c4 35. Rd6 c3 36. Rd1 Ra8 37. Rc1 Rxa2 38. Rxc3 g6 39. h4 h5 40. Rc5
Kg7 41. Rb5 Rc2 1/2-1/2

[Event "TCh-HUN 2017-18"]
[Site "Hungary HUN"]
[Date "2018.03.04"]
[Round "7.11"]
[White "Bodo, Norbert"]
[Black "Lazarne Vajda, Szidonia"]
[Result "1/2-1/2"]
[BlackTitle "IM"]
[WhiteElo "1364"]
[BlackElo "2364"]
[WhiteTeam "Aquarena Kobanya SC"]
[BlackTeam "ASE Paks"]
[WhiteFideId "789348"]
[BlackFideId "723894"]
[EventDate "2017.11.25"]
[EventType "team-tourn"]

1. d4 Nf6 2. Nf3 d5 3. c4 c6 4. cxd5 cxd5 5. Nc3 Nc6 6. Bf4 Bf5 7. e3 e6 8. Bd3
Bxd3 9. Qxd3 Bd6 10. Bxd6 Qxd6 11. O-O O-O 12. Rfc1 Rfc8 13. Nd2 Nd7 14. Nb3 Ne7
15. Ne2 1/2-1/2

[Event "TCh-HUN 2017-18"]
[Site "Hungary HUN"]
[Date "2018.03.04"]
[Round "7.12"]
[White "Krstulovic, Alex"]
[Black "Gara, Ticia"]
[Result "1-0"]
[WhiteTitle "FM"]
[BlackTitle "WGM"]
[WhiteElo "2296"]
[BlackElo "2317"]
[WhiteTeam "ASE Paks"]
[BlackTeam "Aquaprofit-NTSK I"]
[WhiteFideId "760056"]
[BlackFideId "717444"]
[EventDate "2017.11.25"]
[EventType "team-tourn"]

1. d4 Nf6 2. c4 g6 3. Nc3 d5 4. cxd5 Nxd5 5. e4 Nxc3 6. bxc3 Bg7 7. Bg5 O-O 8.
Rc1 b6 9. Nf3 Bb7 10. Bd3 Nd7 11. O-O Nf6 12. Qe2 h6 13. Bd2 e6 14. e5 Nd5 15.
Be4 Qc8 16. c4 Ne7 17. Bb4 Re8 18. Bxe7 Rxe7 19. Rfd1 Bxe4 20. Qxe4 Qe8 21. c5
Rd8 22. c6 Rd5 23. Nd2 f5 24. Qe3 g5 25. Nb1 Rd8 26. Qb3 Kh7 27. Qc4 g4 28. Nc3
h5 29. Rd3 a5 30. Rcd1 Qg8 31. a4 Ree8 32. f4 gxf3 33. Rxf3 Bf8 34. Rg3 Qf7 35.
Qe2 Bh6 36. Rh3 Rg8 37. d5 exd5 38. e6 Qg6 39. e7 Rd6 40. Nxd5 Rxc6 1-0

[Event "TCh-HUN 2017-18"]
[Site "Hungary HUN"]
[Date "2018.03.04"]
[Round "7.1"]
[White "Hracek, Zbynek"]
[Black "Mihok, Oliver"]
[Result "1/2-1/2"]
[WhiteTitle "GM"]
[BlackTitle "GM"]
[WhiteElo "2613"]
[BlackElo "2543"]
[WhiteTeam "HVSE-Infraplan"]
[BlackTeam "Duocor-Makoi SVSE"]
[WhiteFideId "300071"]
[BlackFideId "728012"]
[EventDate "2017.11.25"]
[EventType "team-tourn"]

1. d4 Nf6 2. c4 g6 3. Nc3 Bg7 4. e4 d6 5. Be2 O-O 6. Bg5 c5 7. d5 e6 8. Qd2 exd5
9. exd5 Qb6 10. Nf3 Bg4 11. O-O Nbd7 12. h3 Bxf3 13. Bxf3 Rfe8 14. Rfe1 a6 15.
Qc2 Rxe1+ 16. Rxe1 Re8 17. Rxe8+ Nxe8 18. Be2 Bd4 19. Bd2 Ne5 20. g3 f5 21. Kg2
Ng7 22. f4 Nd7 23. Bd3 h5 24. b3 Qd8 25. Ne2 Ba1 26. Qc1 Qf6 27. Nc3 Qd4 28. Be2
Kf7 29. Be1 Bxc3 30. Bxc3 Qe4+ 31. Bf3 Qd3 32. Qd2 Qxd2+ 33. Bxd2 b6 34. Bc3 Nf6
35. Kf2 Nge8 36. Ke2 Nc7 37. b4 cxb4 38. Bxb4 Ke7 39. Bc3 Nce8 40. Bd4 Nd7 41.
g4 hxg4 42. hxg4 Nef6 43. g5 Ne8 44. Kd2 Nc7 45. Bd1 Nc5 46. Kc3 Ke8 47. Bc2 Ke7
48. Kb4 Kd7 49. Kc3 Ke7 50. Be3 Kd7 51. Kd4 Ke7 52. Bd2 Kd7 53. Bb4 Ke7 54. Ke3
Kf7 55. Kf3 Ke7 56. Bc3 Kd7 57. Ke3 Ke7 58. Bf6+ Kd7 59. Kd2 Ne8 60. Bd4 Nc7 61.
Kc3 Ke7 62. Kb4 Kd7 63. Ba4+ Nxa4 64. Kxa4 b5+ 65. Kb4 bxc4 66. Kxc4 Kc8 67. a4
Kb7 68. Bf6 Na8 69. Bd8 1/2-1/2

[Event "TCh-HUN 2017-18"]
[Site "Hungary HUN"]
[Date "2018.03.04"]
[Round "7.2"]
[White "Popovic, Dusan"]
[Black "Kozul, Zdenko"]
[Result "1-0"]
[WhiteTitle "GM"]
[BlackTitle "GM"]
[WhiteElo "2525"]
[BlackElo "2604"]
[WhiteTeam "Duocor-Makoi SVSE"]
[BlackTeam "HVSE-Infraplan"]
[WhiteFideId "927031"]
[BlackFideId "14502879"]
[EventDate "2017.11.25"]
[EventType "team-tourn"]

1. e4 c5 2. Nf3 d6 3. Bc4 Nf6 4. d3 e6 5. O-O Be7 6. Bb3 O-O 7. c3 b5 8. Re1 Bb7
9. Nbd2 Nc6 10. a3 Qb6 11. Bc2 Nd7 12. Nf1 Nde5 13. Ng5 Rad8 14. Qh5 Bxg5 15.
Bxg5 f6 16. Be3 f5 17. exf5 exf5 18. Bb3+ Kh8 19. Bg5 Nxd3 20. Re3 Nxf2 21. Bxd8
Qxd8 22. Kxf2 c4 23. Bc2 g6 24. Qh6 f4 25. Rh3 Rf7 26. Qxg6 Qb6+ 27. Ke1 Qc7 28.
Rd1 Ne5 29. Rxh7+ Rxh7 30. Qxh7+ Qxh7 31. Bxh7 Kxh7 32. g3 fxg3 33. hxg3 Nd3+
34. Ke2 Be4 35. Ke3 Bg6 36. Rd2 Kh6 37. Kd4 Nc5 38. Rh2+ Kg5 39. Kd5 Kg4 40.
Kxd6 Na4 41. Kc6 a6 42. Kb7 a5 43. Ka6 b4 44. Kxa5 bxa3 45. bxa3 Nxc3 46. Kb4
Nb1 47. Rh4+ 1-0

[Event "TCh-HUN 2017-18"]
[Site "Hungary HUN"]
[Date "2018.03.04"]
[Round "7.3"]
[White "Ruck, Robert"]
[Black "Sipos, Istvan"]
[Result "1/2-1/2"]
[WhiteTitle "GM"]
[BlackTitle "IM"]
[WhiteElo "2531"]
[BlackElo "2468"]
[WhiteTeam "HVSE-Infraplan"]
[BlackTeam "Duocor-Makoi SVSE"]
[WhiteFideId "705713"]
[BlackFideId "720631"]
[EventDate "2017.11.25"]
[EventType "team-tourn"]

1. Nf3 d5 2. d4 Nf6 3. c4 e6 4. Nc3 dxc4 5. e4 Bb4 6. Bg5 h6 7. Bxf6 Qxf6 8.
Bxc4 c5 9. O-O cxd4 10. Nb5 Qe7 11. Qxd4 O-O 12. Nxa7 Bc5 13. Nxc8 Rxc8 14. Qd3
Nc6 15. Qe2 g5 16. Rad1 g4 17. Ne1 Ne5 18. Bb3 Qg5 19. Kh1 Rd8 20. f4 gxf3 21.
Nxf3 Qh5 22. Rd2 Nxf3 23. Rxf3 Qe5 24. Rfd3 Rd4 25. Qg4+ Kh7 26. Rxd4 Bxd4 27.
Qd1 Rd8 28. Qf3 Rd7 29. g3 Rc7 30. Kg2 Kg7 31. Qg4+ Kh7 32. Qe2 Rc1 33. Qf3 Kg7
34. Qg4+ Kh7 35. Qf3 Kg7 36. Bd1 Rc4 37. Qg4+ Kh7 38. Qf4 Kg7 39. b3 Rc7 40.
Rxd4 Qxd4 41. Qxc7 Qd2+ 42. Kh3 Qxd1 43. Qe5+ Kg6 44. Qf4 Qh5+ 45. Qh4 Qe5 46.
Qg4+ Kh7 47. Qf3 Kg7 48. a4 Qc5 49. Qg4+ Kh7 50. Qf3 Kg7 51. Qd3 Qf2 52. e5 Qe1
53. Qd4 Qf1+ 54. Kh4 Qg2 55. h3 Qc2 56. Qg4+ Kh7 57. Qf4 Kg8 58. Qxh6 Qxb3 59.
Qg5+ Kf8 60. Qd8+ Kg7 61. Qf6+ Kf8 62. Qf4 Qc2 63. g4 Qh7+ 64. Kg3 Qd3+ 65. Qf3
Qd4 66. Qf4 Qd3+ 67. Qf3 Qd4 68. Qxb7 Qxe5+ 69. Kg2 Qe2+ 70. Kg3 Qe1+ 71. Kg2
Qe2+ 72. Kg3 Qe1+ 73. Kg2 Qe2+ 1/2-1/2

[Event "TCh-HUN 2017-18"]
[Site "Hungary HUN"]
[Date "2018.03.04"]
[Round "7.4"]
[White "Csonka, Balazs"]
[Black "Jankovic, Alojzije"]
[Result "1/2-1/2"]
[WhiteTitle "FM"]
[BlackTitle "GM"]
[WhiteElo "2451"]
[BlackElo "2581"]
[WhiteTeam "Duocor-Makoi SVSE"]
[BlackTeam "HVSE-Infraplan"]
[WhiteFideId "742910"]
[BlackFideId "14505959"]
[EventDate "2017.11.25"]
[EventType "team-tourn"]

1. d4 Nf6 2. Bg5 Ne4 3. Bf4 d5 4. e3 c5 5. Bd3 Nf6 6. c3 Nc6 7. Nd2 Bg4 8. Ngf3
e6 9. O-O Be7 10. Qb3 Qb6 11. dxc5 Bxc5 12. Qa4 Be7 13. Ne5 O-O 14. Nxg4 1/2-1/2

[Event "TCh-HUN 2017-18"]
[Site "Hungary HUN"]
[Date "2018.03.04"]
[Round "7.5"]
[White "Nemeth, Miklos1"]
[Black "Farkas, Tibor"]
[Result "1/2-1/2"]
[WhiteTitle "IM"]
[BlackTitle "IM"]
[WhiteElo "2494"]
[BlackElo "2315"]
[WhiteTeam "HVSE-Infraplan"]
[BlackTeam "Duocor-Makoi SVSE"]
[WhiteFideId "720232"]
[BlackFideId "933333"]
[EventDate "2017.11.25"]
[EventType "team-tourn"]

1. e4 c5 2. Nf3 d6 3. d4 cxd4 4. Qxd4 Nc6 5. Bb5 Bd7 6. Bxc6 Bxc6 7. Nc3 Nf6 8.
Bg5 e6 9. O-O-O Be7 10. Qd3 Qa5 11. h4 Qa6 12. Qxa6 bxa6 13. Nd4 Bb7 14. f3 O-O
15. Nb3 Rac8 16. Rd3 Rc7 17. Rhd1 Rfc8 18. Kb1 h6 19. Bf4 Ne8 20. h5 Bc6 21. e5
d5 22. Nd4 Bd7 23. g4 Rb7 24. Nce2 Bb5 25. Rb3 Rcb8 26. Nc3 Nc7 27. Ncxb5 axb5
28. Nc6 Re8 29. Be3 a6 30. a4 Bf8 31. f4 Na8 32. f5 Rc7 33. axb5 axb5 34. Nd4 b4
35. Rg1 Rc4 36. fxe6 fxe6 37. g5 hxg5 38. Rxg5 Nc7 39. Bg1 1/2-1/2

[Event "TCh-HUN 2017-18"]
[Site "Hungary HUN"]
[Date "2018.03.04"]
[Round "7.6"]
[White "Cabarkapa, Novak"]
[Black "Polak, Tomas"]
[Result "1/2-1/2"]
[WhiteTitle "IM"]
[BlackTitle "GM"]
[WhiteElo "2432"]
[BlackElo "2516"]
[WhiteTeam "Duocor-Makoi SVSE"]
[BlackTeam "HVSE-Infraplan"]
[WhiteFideId "943746"]
[BlackFideId "300560"]
[EventDate "2017.11.25"]
[EventType "team-tourn"]

1. e4 c6 2. d4 d5 3. Nd2 dxe4 4. Nxe4 Nd7 5. Ng5 Ngf6 6. Bd3 e6 7. N1f3 Bd6 8.
Qe2 h6 9. Ne4 Nxe4 10. Qxe4 Nf6 11. Qe2 Qc7 12. Bd2 b6 13. Ne5 Bb7 14. f4 O-O-O
15. O-O c5 16. a4 a5 17. c3 Nd5 18. Rac1 Rhe8 19. Bb5 Re7 20. b4 Kb8 21. Kh1 Rc8
22. dxc5 bxc5 23. bxa5 Qxa5 24. c4 Nb4 25. Nd3 Qb6 26. Nxb4 cxb4 27. Rb1 e5 28.
f5 f6 29. Bxb4 Bxb4 30. Rxb4 Qc5 31. Rfb1 Ka7 32. R4b2 e4 33. Qe1 1/2-1/2

[Event "TCh-HUN 2017-18"]
[Site "Hungary HUN"]
[Date "2018.03.04"]
[Round "7.7"]
[White "Kovacs, Gabor2"]
[Black "Tatar Kis, Szabolcs"]
[Result "1/2-1/2"]
[WhiteTitle "IM"]
[BlackTitle "IM"]
[WhiteElo "2463"]
[BlackElo "2378"]
[WhiteTeam "HVSE-Infraplan"]
[BlackTeam "Duocor-Makoi SVSE"]
[WhiteFideId "716219"]
[BlackFideId "702595"]
[EventDate "2017.11.25"]
[EventType "team-tourn"]

1. d4 Nf6 2. c4 g6 3. Nf3 Bg7 4. g3 O-O 5. Bg2 d6 6. O-O Nbd7 7. Nc3 e5 8. e4
exd4 9. Nxd4 Re8 10. h3 a6 11. Be3 Rb8 12. a4 Nc5 13. Qc2 Nfd7 14. Rad1 Ne5 15.
b3 Bd7 16. Kh2 Nc6 17. Nd5 Nxd4 18. Bxd4 Bxd4 19. Rxd4 b5 20. axb5 axb5 21. cxb5
Rxb5 22. Rb1 Be6 23. b4 Bxd5 24. Rxd5 Qb8 25. Qc4 c6 26. Rdd1 Rc8 27. Qd4 Ne6
28. Qxd6 Qxd6 29. Rxd6 c5 30. Rc1 Rxb4 31. Rd2 Rcb8 32. Rdc2 g5 33. e5 Rd8 34.
Re1 Kg7 35. Be4 1/2-1/2

[Event "TCh-HUN 2017-18"]
[Site "Hungary HUN"]
[Date "2018.03.04"]
[Round "7.8"]
[White "Nadj Hedjesi, Balind"]
[Black "Kiss, Attila"]
[Result "1-0"]
[WhiteTitle "IM"]
[BlackTitle "IM"]
[WhiteElo "2311"]
[BlackElo "2359"]
[WhiteTeam "Duocor-Makoi SVSE"]
[BlackTeam "HVSE-Infraplan"]
[WhiteFideId "934003"]
[BlackFideId "700630"]
[EventDate "2017.11.25"]
[EventType "team-tourn"]

1. d4 d5 2. Nf3 Nf6 3. Bf4 c5 4. e3 Nc6 5. c3 Qb6 6. Qb3 c4 7. Qc2 Bf5 8. Qc1 h6
9. Nbd2 e6 10. h3 Be7 11. Be2 O-O 12. b3 cxb3 13. axb3 Rfc8 14. Qb2 Qd8 15. O-O
Bd6 16. Bxd6 Qxd6 17. b4 b6 18. Ra6 Rc7 19. Rfa1 Rac8 20. R1a3 Nd7 21. b5 Na5
22. R3xa5 Rxc3 23. Ra1 Nf6 24. Bf1 g5 25. Rxa7 g4 26. hxg4 Nxg4 27. Ra8 Kg7 28.
Rxc8 Rxc8 29. Rc1 Ra8 30. Ne5 Ra4 31. Rc6 Qb8 32. Ndf3 Qa7 33. Nxg4 Bxg4 34. Ne5
Bf5 35. Rc1 Ra3 36. Rc7 1-0

[Event "TCh-HUN 2017-18"]
[Site "Hungary HUN"]
[Date "2018.03.04"]
[Round "7.9"]
[White "Csonka, Attila Istvan"]
[Black "Horvath, Zsolt"]
[Result "1-0"]
[WhiteTitle "IM"]
[BlackTitle "FM"]
[WhiteElo "2366"]
[BlackElo "2381"]
[WhiteTeam "HVSE-Infraplan"]
[BlackTeam "Duocor-Makoi SVSE"]
[WhiteFideId "716529"]
[BlackFideId "723070"]
[EventDate "2017.11.25"]
[EventType "team-tourn"]

1. e4 c6 2. d4 d5 3. Nc3 dxe4 4. Nxe4 Nf6 5. Ng3 h5 6. h4 Bg4 7. Be2 Nbd7 8. Nf3
e6 9. Ng5 Qc7 10. N3e4 Bf5 11. Bd3 Nxe4 12. Bxe4 Bxe4 13. Nxe4 Qa5+ 14. c3 Qd5
15. Qf3 Be7 16. Bg5 f6 17. Be3 O-O-O 18. Nd2 Qxf3 19. Nxf3 Nb6 20. O-O-O Nd5 21.
Rhe1 b5 22. Kc2 Kd7 23. Re2 Rb8 24. g3 Bd6 25. Nd2 a5 26. Ne4 a4 27. a3 Rbe8 28.
Rde1 Rhf8 29. Bd2 Rf7 30. Kd3 Bf8 31. f4 Bd6 32. c4 bxc4+ 33. Kxc4 Rfe7 34. Bb4
Nb6+ 35. Kd3 Bxb4 36. axb4 Nd5 37. Nc5+ Kd6 38. Nxa4 Nxb4+ 39. Kc4 Nd5 40. Nc5
Nb6+ 41. Kd3 Nd5 42. Ne4+ Kc7 43. Ra1 e5 44. Ra7+ Kb8 45. Rxe7 Rxe7 46. fxe5
fxe5 47. Nd6 Re6 48. dxe5 Kc7 49. Kd4 Nb6 50. Ne4 Re8 51. Ng5 Nd7 52. e6 Nf6 53.
Ke5 Rb8 54. Kf5 Kd6 55. Kg6 Ke7 56. Rc2 Rc8 57. Rc4 Kd6 58. Kxg7 Ke7 59. Kg6 Nd5
60. Ra4 Rg8+ 61. Kf5 Kd6 62. Ne4+ Kc7 63. Ra7+ Kb6 64. Rh7 Ne3+ 65. Kf4 1-0